000 01035nam a22001935i 4500
001 153603
003 ES-MaACL
005 20250813065155.0
008 980202s1860 fr a |||| | fre d
040 _aCAM
_bspa
_cCAM
100 1 _aDutron, J.B.
_9126890
245 1 3 _aLa légende de Sainte Ursule, princesse britannique, et de ses onze mille vierges /
_ctexte par J.B. Dutron ; d'après les anciens tableaux de l'Église de Sainte-Ursule a Cologne reproduits en chromolithographie publiée par F. Kellerhoven.
260 _aParis :
_b[s.n.],
_c1860 (
_fHangard Maugé)
300 _a20, 194 p., XXII h. de lám. col. :
_bil. ;
_c30 cm.
600 0 7 _aÚrsula,
_cSanta
_2
_9134073
700 1 1 _aKellerhoven, F.
_bil.
_9128442
852 _aES-MaACL
_jF-12503
_z-- Enc. piel con hierros y cortes dorados
_x-- Edic.: En T260 debe constar: Paris : chez l'auteur, 1860 (Imprimerie Simon Raçon et comp.) -- En pie de imp. de la port. consta también: Impressions lithochromiques par Hangard Maugé
999 _c153603
_d153603